MARC

LEADER 00000nam0a2200000 4500
001 326438
005 20231102003849.0
035 |a (RuTPU)RU\TPU\book\352086 
090 |a 326438 
100 |a 20161227d1978 k y0rusy50 ca 
101 0 |a rus 
102 |a RU 
105 |a a z 001zy 
200 1 |a Проблемы активности преподавателя вуза  |e [сборник статей]  |f Ростовский государственный университет ; отв. ред. Л. А. Серафимов 
210 |a Ростов-на-Дону  |c Изд-во Ростовского ун-та  |d 1978 
215 |a 114 с.  |c ил. 
320 |a Библиогр. в тексте 
606 1 |a Методика преподавания  |x В высшей школе  |2 stltpush  |3 (RuTPU)RU\TPU\subj\43483  |9 62977 
606 1 |a Преподаватели  |x Высшие учебные заведения  |2 stltpush  |3 (RuTPU)RU\TPU\subj\68870  |9 83969 
610 1 |a обучение 
610 1 |a воспитание 
610 1 |a педагогический контакт 
610 1 |a коммуникативная деятельность 
610 1 |a общественная работа 
610 1 |a нормирование 
610 1 |a технические средства 
686 |a Ч481.2  |v LBC/SL-A  |2 rubbk 
686 |a Ч481.42  |v LBC/SL-A  |2 rubbk 
702 1 |a Серафимов  |b Л. А.  |4 340 
712 0 2 |a Ростовский государственный университет  |2 stltpush  |3 (RuTPU)RU\TPU\col\3289 
801 1 |a RU  |b 63413507  |c 20161227 
801 2 |a RU  |b 63413507  |c 20191218  |g RCR 
942 |c BK